Las matemáticas en la escuela primaria

Guardat en:
Dades bibliogràfiques
Autor principal: Flournoy, Frances
Format: Llibre
Idioma:espanyol
Publicat: Buenos Aires. Troquel. 1968.
Matèries:
Etiquetes: Afegir etiqueta
Sense etiquetes, Sigues el primer a etiquetar aquest registre!

MARC

LEADER 00000nam a22000005a 4500
001 16631
003 CL-ChBUA
005 20120815103616.0
008 070301s1968 ag 000 0 spa
040 |a CL-ChBUA  |c CL-ChBUA 
082 0 0 |a 372.7044 
090 |c 16631  |d 16631 
100 1 |a Flournoy, Frances. 
245 1 0 |a Las matemáticas en la escuela primaria 
260 |b Troquel.  |a Buenos Aires.  |c 1968. 
650 4 |a MATEMATICAS - ENSEÑANZA. 
942 |c LIB 
952 |0 0  |1 0  |4 0  |7 0  |9 23056  |a UNACH  |b UNACH  |c 300  |d 2007-03-05  |i 9.846.  |l 1  |o 372.7044 / F 643.  |p 24055  |r 2025-07-30 11:29:37  |s 2013-04-05  |u 23056  |w 2012-08-08  |y LIB  |k 372.7044 / F 643. 
999 |c 16631  |d 16631